Manual of research methods for crustacean biochemistry and physiology
Wedi'i Gadw mewn:
| Prif Awdur: | |
|---|---|
| Fformat: | Llyfr |
| Iaith: | Undetermined |
| Cyhoeddwyd: |
Cochin
Central Marine Fisheries Research Institute
1981
|
| Pynciau: | |
| Tagiau: |
Ychwanegu Tag
Dim Tagiau, Byddwch y cyntaf i dagio'r cofnod hwn!
|
| Thư viện lưu trữ: | Trung tâm Học liệu Trường Đại học Cần Thơ |
|---|
| LEADER | 00537nam a2200181Ia 4500 | ||
|---|---|---|---|
| 001 | CTU_150349 | ||
| 008 | 210402s9999 xx 000 0 und d | ||
| 082 | |a 595.3 | ||
| 082 | |b R265 | ||
| 100 | |a Ravindranath, M. H. | ||
| 245 | 0 | |a Manual of research methods for crustacean biochemistry and physiology | |
| 245 | 0 | |c M. H. Ravindranath | |
| 260 | |a Cochin | ||
| 260 | |b Central Marine Fisheries Research Institute | ||
| 260 | |c 1981 | ||
| 650 | |a Crustacea | ||
| 904 | |i Giang | ||
| 980 | |a Trung tâm Học liệu Trường Đại học Cần Thơ | ||